| 000 | 00356nam a2200133 4500 | ||
|---|---|---|---|
| 999 |
_c511372 _d511372 |
||
| 008 | 190917b ||||| |||| 00| 0 eng d | ||
| 100 |
_aLahariya, Chandrakant _910899 |
||
| 245 | _aTransforming Indian health systems | ||
| 260 | _bYojana | ||
| 300 | _a63, Sep, 2019: p.44-48. | ||
| 773 | _aYojana | ||
| 906 | _aHealth services - India | ||
| 942 |
_2ddc _cAR |
||